00776nam a2200193 i 450000100060000000300090000600500170001500700030003200800410003510000300007624501420010625000280024826000730027630000340034970000290038385200320041299900170044495201210046141579ES-MaACL20230906160446.0t|030311s1957 xxk ||||1| eng d1 aCassie, W. Fisher.93635010aStructural analysis b: the solution of statically indeterminate structures / cby W. Fisher Cassie ; with a foreword by H. John Collins. a[13st. ed., 76th imp.]. aLondon, etc. : bLongmans, Green and Co, c[1957] (fWilliam Clowes) aXI, 269 p. : bil. ; c22 cm.1 aCollins, H. John.939733 aES-MaACLjC-15404 bR.43223 c41579d41579 00104070aATENEOMbATENEOMcFICHd2008-01-17eSCl0oC-15404p1043773r2023-02-23 00:00:00w2023-02-23yMONOGRAFIA